Body language : (Record no. 17802)
[ view plain ]
| 000 -LEADER | |
|---|---|
| fixed length control field | 01003cam a22002415a 4500 |
| 001 - CONTROL NUMBER | |
| control field | 014679821 |
| 003 - CONTROL NUMBER IDENTIFIER | |
| control field | OSt |
| 005 - DATE AND TIME OF LATEST TRANSACTION | |
| control field | 20201128021005.0 |
| 008 - FIXED-LENGTH DATA ELEMENTS--GENERAL INFORMATION | |
| fixed length control field | 080812t2008 enka fr 000 0 eng d |
| 020 ## - INTERNATIONAL STANDARD BOOK NUMBER | |
| International Standard Book Number | 9780273717348 |
| 040 ## - CATALOGING SOURCE | |
| Original cataloging agency | StDuBDS |
| Language of cataloging | eng |
| Transcribing agency | StDuBDS |
| Modifying agency | Uk |
| -- | EG-ScBUE |
| 082 04 - DEWEY DECIMAL CLASSIFICATION NUMBER | |
| Classification number | 153.69 |
| Edition number | 22 |
| Item number | BOR |
| 100 1# - MAIN ENTRY--PERSONAL NAME | |
| Personal name | Borg, James. |
| 9 (RLIN) | 34578 |
| 245 10 - TITLE STATEMENT | |
| Title | Body language : |
| Remainder of title | 7 easy lessons to master the silent language / |
| Statement of responsibility, etc | James Borg. |
| 246 33 - VARYING FORM OF TITLE | |
| Title proper/short title | Body language : |
| Remainder of title | seven easy lessons to master the silent language |
| 260 ## - PUBLICATION, DISTRIBUTION, ETC. (IMPRINT) | |
| Place of publication, distribution, etc | Harlow : |
| Name of publisher, distributor, etc | Prentice Hall Life, |
| Date of publication, distribution, etc | c.2008. |
| 300 ## - PHYSICAL DESCRIPTION | |
| Extent | xiii, 237 p. : |
| Other physical details | ill. ; |
| Dimensions | 22 cm. |
| 505 0# - FORMATTED CONTENTS NOTE | |
| Formatted contents note | Introduction : If you could read my mind-Lesson 1 : Language of the mind and body-Lesson 2 : Looking-Lesson 3 : Listening-Lesson 4 : Limbs- Lesson 5 : Lying-Lesson 6: Likeability-Lesson 7 : Leakage. |
| 650 #7 - SUBJECT ADDED ENTRY--TOPICAL TERM | |
| Topical term or geographic name as entry element | Body language. |
| 9 (RLIN) | 4722 |
| Source of heading or term | BUEsh |
| 650 #7 - SUBJECT ADDED ENTRY--TOPICAL TERM | |
| Topical term or geographic name as entry element | Interpersonal communication. |
| 9 (RLIN) | 821 |
| Source of heading or term | BUEsh |
| 653 ## - INDEX TERM--UNCONTROLLED | |
| Resource For college | Generalities |
| Arrived date list | December2013 |
| -- | February2018 |
| 942 ## - ADDED ENTRY ELEMENTS (KOHA) | |
| Source of classification or shelving scheme | Dewey Decimal Classification |
| Item type | Book - Borrowing |
| Call number prefix | 153.69 BOR |
| Withdrawn status | Item status | Source of classification or shelving scheme | Materials specified (bound volume or other part) | Damaged status | Not for loan | Vendor | Home library | Current library | Shelving location | Date acquired | Source of acquisition | Cost, normal purchase price | Total Checkouts | Total Renewals | Full call number | Barcode | Date last seen | Date last borrowed | Cost, replacement price | Koha item type |
|---|---|---|---|---|---|---|---|---|---|---|---|---|---|---|---|---|---|---|---|---|
| Dewey Decimal Classification | BOX07 | Damaged | سور الازبكية | Central Library | Central Library | Lower Floor | 09/12/2013 | Purchase | 25.00 | 10 | 13 | 153.69 BOR | 000035135 | 18/08/2021 | 26/02/2017 | 31.25 | Book - Borrowing | |||
| Dewey Decimal Classification | Central Library | Central Library | Lower Floor | 05/02/2018 | Purchase | 5 | 15 | 153.69 BOR | 000047230 | 15/07/2025 | 11/09/2024 | Book - Borrowing | ||||||||
| Dewey Decimal Classification | Central Library | Central Library | Lower Floor | 05/02/2018 | 5 | 39 | 153.69 BOR | 000047231 | 15/07/2025 | 16/03/2025 | Book - Borrowing | |||||||||
| Dewey Decimal Classification | Central Library | Central Library | Lower Floor | 27/03/2018 | 4 | 51 | 153.69 BOR | 000047522 | 15/07/2025 | 18/01/2020 | Book - Borrowing |